000 00459nam a2200181Ia 4500
001 23552
005 20260414150945.0
008 260414t2016||||xx |||||||||||||| ||spa||
041 _aESP
082 _a660.6
_bS79
100 _aStephenson, Frank H.,
_eAUT
245 0 _aCalculations for molecular biology and biotechnology
_b
260 _c2016
300 _axiii, 481 páginas :
_c24 cm.
650 _aMED
654 _aCCS
942 _cLIB
_dJUS
_fJUS
_2ddc
_n
999 _c23552
_d23552